| 000 | 00438cam a2200145 4500500 | ||
|---|---|---|---|
| 005 | 20251012032528.0 | ||
| 041 | _afre | ||
| 042 | _adc | ||
| 100 | 1 | 0 |
_aCorneau, Patrick _eauthor |
| 245 | 0 | 0 | _aJean Grenier, de l’intime au secret |
| 260 | _c2003. | ||
| 500 | _a20 | ||
| 786 | 0 | _nSigila | 12 | 2 | 2003-12-20 | p. 129-143 | 1286-1715 | |
| 856 | 4 | 1 | _uhttps://shs.cairn.info/revue-sigila-2003-2-page-129?lang=fr&redirect-ssocas=7080 |
| 999 |
_c1547548 _d1547548 |
||